LEADER 03993nam 2200625 450 001 9910807436003321 005 20230926155028.0 010 $a90-04-28179-7 024 7 $a10.1163/9789004281790 035 $a(CKB)2670000000582928 035 $a(EBL)1875448 035 $a(SSID)ssj0001381383 035 $a(PQKBManifestationID)12538712 035 $a(PQKBTitleCode)TC0001381383 035 $a(PQKBWorkID)11393336 035 $a(PQKB)11667113 035 $a(MiAaPQ)EBC1875448 035 $a(OCoLC)900889438$z(OCoLC)897644220 035 $a(nllekb)BRILL9789004281790 035 $a(Au-PeEL)EBL1875448 035 $a(CaPaEBR)ebr10992603 035 $a(CaONFJC)MIL673293 035 $a(OCoLC)897644220 035 $a(PPN)184923220 035 $a(EXLCZ)992670000000582928 100 $a20141216h20152015 uy 0 101 0 $aeng 135 $aur|n|---||||| 181 $ctxt$2rdacontent 182 $cc$2rdamedia 183 $acr$2rdacarrier 200 10$aHugo Grotius $ea lifelong struggle for peace in church and state, 1583-1645 /$fHenk Nellen ; translated from the Dutch by J. C. Grayson 210 1$aLeiden :$cBrill,$d2015. 210 4$d©2015 215 $a1 online resource (xxxii, 827 pages, 84 unnumbered pages of plates) $cillustrations (some color), portraits 311 0 $a90-04-27436-7 311 0 $a1-322-42011-4 320 $aIncludes bibliographical references and index. 327 $tPreliminary Material /$rHenk Nellen --$t1 Introduction /$rHenk Nellen --$t2 Childhood and Youth (1583?99) /$rHenk Nellen --$t3 On the Way to Adulthood (1599?1607) /$rHenk Nellen --$t4 Advocate-Fiscal (1607?13) /$rHenk Nellen --$t5 A Budding Politician (1609?13) /$rHenk Nellen --$t6 Pensionary of Rotterdam (1613?16) /$rHenk Nellen --$t7 An Intellectual in a Time of Revolution (1616?18) /$rHenk Nellen --$t8 Trial and Imprisonment (1618?21) /$rHenk Nellen --$t9 Exile (1621?25) /$rHenk Nellen --$t10 Exile (1625?31) /$rHenk Nellen --$t11 Intermezzo in Holland (1631?32) /$rHenk Nellen --$t12 Passing through Hamburg: Hesitations and Uncertainties (1632?34) /$rHenk Nellen --$t13 Friction between Office, Scholarship and Religion: The First Years of the Paris Embassy (1635?40) /$rHenk Nellen --$t14 Towards a Final Breach with Holland (1635?40) /$rHenk Nellen --$t15 Diplomacy and Exegesis: The Paris Embassy (1640?44) /$rHenk Nellen --$t16 A Disappointed Diplomat (1640?45) /$rHenk Nellen --$t17 Swedish Journey and Death (1645) /$rHenk Nellen --$t18 Abuse and Honour /$rHenk Nellen --$t19 Epilogue /$rHenk Nellen --$tBibliography /$rHenk Nellen --$tIndex of Personal Names and Works Written by Grotius /$rHenk Nellen --$tIllustration Section (colour) /$rHenk Nellen. 330 $aHugo Grotius (1583-1645) is the most famous humanist scholar of the Dutch Golden Age. He wrote influential works on the laws of war and peace, Dutch history and the unification of the churches. His plea for a freedom of the seas in Mare liberum offered the Dutch East India Company a ready justification for the establishment of a trading empire in the East Indies. As far as his daily duties left him any spare time, he penned confidential, learned and beautifully-written letters. This voluminous correspondence offers a trove of information on Grotius? life and works, and forms the basis of his newest biography which sketches a life caught in a fierce struggle for peace in Church and State. 606 $aChurch and state$zNetherlands$xHistory$y17th century 606 $aStatesmen$zNetherlands$vBiography 607 $aNetherlands$xChurch history$y17th century 615 0$aChurch and state$xHistory 615 0$aStatesmen 676 $a341.092 700 $aNellen$b Henk J. M.$f1949-$01719832 702 $aGrayson$b J. C$g(J. Chris), 801 0$bMiAaPQ 801 1$bMiAaPQ 801 2$bMiAaPQ 906 $aBOOK 912 $a9910807436003321 996 $aHugo Grotius$94120672 997 $aUNINA LEADER 01061nam0 22002771i 450 001 UON00081173 005 20231205102429.287 010 $a03-333-3157-5 100 $a20020107d1983 |0itac50 ba 101 $aeng 102 $aGB 105 $a|||| ||||| 200 1 $aˆThe ‰emergence of African capitalism$eThe Anstey memorial lectures in the University of Kent at Canterbury 10-13 may 1982$fJohn Iliffe 210 $aLondon$cMacmillan$d1983 215 $aix, 113 p.$d22 cm 606 $aCAPITALISMO$xAfrica$3UONC019323$2FI 620 $aGB$dLondon$3UONL003044 676 $a330.122$cCapitalismo$v21 700 1$aIliffe$bJohn$3UONV043549$0243709 712 $aMacmillan & Co.$3UONV247335$4650 801 $aIT$bSOL$c20251114$gRICA 899 $aSIBA - SISTEMA BIBLIOTECARIO DI ATENEO$2UONSI 912 $aUON00081173 950 $aSIBA - SISTEMA BIBLIOTECARIO DI ATENEO$dSI GEN 0473 $eSI AA 6862 5 0473 996 $aEmergence of african capitalism$9631193 997 $aUNIOR